000
00304nam a2200133Ia 4500
005
20251222144750.0
008
251222s9999||||xx |||||||||||||| ||spa||
020
_a
970-15-0029-6
082
_a
658.823/D64
100
_a
Devismes, Philippe
245
0
_a
Packaging:
264
_b
Alfaomega
942
_c
LIB
999
_c
19300
_d
19300